Statistics for Monk Characters

Click here to take the quiz!

General Stats

  • This quiz has been taken 37 times
  • The average score is 10 of 17

Answer Stats

HintAnswer% Correct
Main CharacterAdrian Monk
100%
Deceased Wife of the Main CharacterTrudy Monk
100%
First AssistantSharona Flemming
91%
Main Character's BrotherAmbrose Monk
85%
Main Character's Half-brotherJack Monk Jr.
85%
Second AssistantNatalie Teeger
82%
^ LieutenantRandy Disher
82%
^ Her SonBenji Flemming
76%
^ Her DaughterJulie Teeger
76%
Captain of the SFPDLeland Stottlemeyer
76%
Deceased Navy Husband of Second AssistantMitch Teeger
62%
Ex-husband of the First AssistantTrevor Flemming
47%
First Assistant's SisterGail Flemming
26%
Obsessed Fan of Main CharacterMarcy
24%
Main Character's DaughterMolly
24%
800 Lb Enemy of Main CharacterDale Biderback
3%
Second Assistant's BrotherJonathan Davenport
3%

Score Distribution

Percentile by Number Answered

Percent of People with Each Score

Your Score History

You have not taken this quiz